01409nam a2200313 a 450000100060000000300080000600500170001400800410003102000170007202000240008903500190011304000390013204100080017108200270017910000260020624501150023225000240034726000320037130000270040350400510043065000490048165000370053070000260056794200120059399900170060595201570062295201570077995201590093635309BD-RjUL20211209052310.0000221s2005 enk 000 0 eng  a1853836249 : a1853836192 (pbk.) : a(BD-RjUL)35403 aBDSbengcBDSdUkdNNCU:AdBD-RjUL0 aeng04a307.1416221bSUS 20051 aPugh, Cedric.910756410aSustainable cities in developing countries :btheory and practice at the millennium /cedited by Cedric Pugh. a1st south asian ed. aLondon :bEarthscan,c2005. axvii, 237 p. ;c24 cm. aIncludes bibliographical references and index. 0aCity planningxDeveloping countries.9107565 0aSustainable development.91075661 aPugh, Cedric.9107567 2ddccBK c35309d35309 00102ddc40708NFICaRUCLbRUCLcStackd2008-02-20eParagon Enterprise, Dhaka.g695.00l0o307.1416 SUS 2005r2014-05-22 00:00:00tC-2w2014-05-22yBK 00102ddc40708NFICaRUCLbRUCLcStackd2010-10-19eParagon Enterprise, Dhaka.g695.00l0o307.1416 SUS 2005r2016-08-07 00:00:00tC-3w2016-08-07yBK 00102ddc40718NFICaRUCLbRUCLcReadingd2008-02-20eParagon Enterprise, Dhaka.g695.00l0o307.1416 SUS 2005r2016-12-11 00:00:00tC-1w2016-12-11yBK